Principles of microeconomics (Record no. 36)

000 -LEADER
fixed length control field 00641nam a22002297a 4500
003 - CONTROL NUMBER IDENTIFIER
control field OSt
005 - DATE AND TIME OF LATEST TRANSACTION
control field 20210528095559.0
008 - FIXED-LENGTH DATA ELEMENTS--GENERAL INFORMATION
fixed length control field 210528b ||||| |||| 00| 0 eng d
020 ## - INTERNATIONAL STANDARD BOOK NUMBER
International Standard Book Number 9780176416034
040 ## - CATALOGING SOURCE
Transcribing agency Alupe University
050 ## - LIBRARY OF CONGRESS CALL NUMBER
Classification number HB172
Item number .P744 2006
245 ## - TITLE STATEMENT
Title Principles of microeconomics
250 ## - EDITION STATEMENT
Edition statement 3rd
Remainder of edition statement Canadian
260 ## - PUBLICATION, DISTRIBUTION, ETC.
Place of publication, distribution, etc. Australia ; Toronto
Name of publisher, distributor, etc. Thomson Nelson
Date of publication, distribution, etc. 2006
300 ## - PHYSICAL DESCRIPTION
Extent xxviii, 521 p. :
Other physical details ill., ports. ;
Dimensions 26 cm.
650 ## - SUBJECT ADDED ENTRY--TOPICAL TERM
General subdivision Microeconomics
700 ## - ADDED ENTRY--PERSONAL NAME
Fuller form of name Ronald D. Kneebone
700 ## - ADDED ENTRY--PERSONAL NAME
Fuller form of name Kenneth J. Mckenzie
700 ## - ADDED ENTRY--PERSONAL NAME
Fuller form of name Nicholas Rowe
942 ## - ADDED ENTRY ELEMENTS (KOHA)
Source of classification or shelving scheme
Koha item type Book
Suppress in OPAC MW
Holdings
Withdrawn status Lost status Source of classification or shelving scheme Damaged status Not for loan Permanent Location Current Location Shelving location Date acquired Total Checkouts Full call number Barcode Date last seen Price effective from Koha item type Public note
          AU LIBRARY AU LIBRARY Open Shelf 28.05.2021   HB172 .P744 2006 28000127 28.05.2021 28.05.2021 Book MW

Powered by Koha